书目信息 |
| 题名: |
校长的学校文化建设力
|
|
| 作者: | 陈明 著 | |
| 分册: | ||
| 出版信息: | 天津 天津教育出版社 2018.07 |
|
| 页数: | 222页 | |
| 开本: | 24cm | |
| 丛书名: | “教师核心素养能力提升”丛书 | |
| 单 册: | ||
| 中图分类: | G471.2 | |
| 科图分类: | ||
| 主题词: | 校长--jiao chang--学校管理--研究 | |
| 电子资源: | ||
| ISBN: | 978-7-5309-8176-4 | |
| 000 | 00993nam 2200253 450 | |
| 001 | 0104125642 | |
| 005 | 20201104125714.0 | |
| 010 | @a978-7-5309-8176-4@dCNY38.00 | |
| 100 | @a20181129d2018 em y0chiy50 ea | |
| 101 | 0 | @achi |
| 102 | @aCN@b120000 | |
| 105 | @ay z 000yy | |
| 106 | @ar | |
| 200 | 1 | @a校长的学校文化建设力@Axiao zhang de xue xiao wen hua jian she li@f陈明著 |
| 210 | @a天津@c天津教育出版社@d2018.07 | |
| 215 | @a222页@d24cm | |
| 225 | 2 | @a“教师核心素养能力提升”丛书@Ajiao shi he xin su yang neng li ti sheng cong shu |
| 330 | @a本书设置了理论篇和实践篇。理论篇旨在给校长朋友们补补课、洗洗脑,让他们对校园文化的建设有一个大致的了解。在实践篇中,讲解了13个校园文化建设的建构技法及内涵,同时链接了与众多校长共同建构学校文化时创生的文本。 | |
| 461 | 0 | @12001 @a“教师核心素养能力提升”丛书 |
| 606 | 0 | @a校长@Ajiao chang@x学校管理@x研究 |
| 690 | @aG471.2@v5 | |
| 701 | 0 | @a陈明@Achen ming@4著 |
| 801 | 0 | @aCN@bBJSZM@c20201104 |
| 905 | @b1261714-7@dG471.2@e248@f4 | |
| 校长的学校文化建设力/陈明著.-天津:天津教育出版社,2018.07 |
| 222页;24cm.-(“教师核心素养能力提升”丛书) |
| ISBN 978-7-5309-8176-4:CNY38.00 |
| 本书设置了理论篇和实践篇。理论篇旨在给校长朋友们补补课、洗洗脑,让他们对校园文化的建设有一个大致的了解。在实践篇中,讲解了13个校园文化建设的建构技法及内涵,同时链接了与众多校长共同建构学校文化时创生的文本。 |
| ● |
| 相关链接 |
|
|
|
|
正题名:校长的学校文化建设力
索取号:G471.2/248
 
预约/预借
| 序号 | 登录号 | 条形码 | 馆藏地/架位号 | 状态 | 备注 |
| 1 | 1261714 | 212617140 | 第一样本阅览室/ [索取号:G471.2/248] | 在馆 | |
| 2 | 1261715 | 212617159 | 教育系资料室/ [索取号:G471.2/248] | 在馆 | |
| 3 | 1261716 | 212617168 | 教育系资料室/ [索取号:G471.2/248] | 在馆 | |
| 4 | 1261717 | 212617177 | 第四借阅区/ [索取号:G471.2/248] | 在馆 |